Djadja & Dinaz - J'fais mes affaires (Paroles) - Statistiques

Statistiques générales
  • Ce quiz a été pris 180 fois
  • Le résultat moyen est 304 sur 488
Statistiques - réponses
Complets Paroles % Correct
à
98%
a
98%
ou
91%
le
90%
Complet 1 : Ouais
89%
ouais
89%
sa
89%
la
88%
88%
88%
plus
88%
que
88%
ta
88%
tous
88%
bien
87%
par
87%
tard
87%
au
86%
ces
86%
faut
86%
Faut
86%
les
86%
mes
86%
moi
86%
Moi
86%
Tu
86%
tu
86%
chemins
85%
Chez
85%
de
85%
fin
84%
part
84%
c’est
83%
C’est
83%
J’en
83%
Ma
83%
ma
83%
pense
83%
veux
83%
quoi
82%
tout
82%
vous
82%
brûler
81%
qu’on
81%
j’fasse
80%
mènent
80%
Sans
80%
une
80%
Refrain 1 : | Refrain 2 : J’fais
79%
j’fais
79%
mer
79%
nos
79%
pour
79%
te
79%
et
78%
Et
78%
ça
77%
chérie
77%
des
77%
fans
77%
J’fume
77%
j’fume
77%
mère
77%
on
76%
On
76%
place
75%
affaires
74%
Dans
74%
dans
74%
bédos
73%
j'ai
73%
l’cellophane
72%
nous
72%
pas
72%
l’matin
71%
te-tê
71%
j’reprends
70%
ménage
70%
sur
70%
Avec
69%
avec
69%
regarde
69%
galère
68%
arrache
67%
rien
67%
rue
67%
shtar
67%
calmer
66%
Dinaz
66%
en
66%
En
66%
faire
66%
j’enchaîne
66%
nique
66%
têtes
66%
tourner
66%
life
65%
se
65%
est
64%
ils
62%
Ils
62%
nerfs
62%
balafrées
61%
ont
61%
ratés
61%
Marqués
60%
partout
60%
rage
60%
Téma
60%
téma
60%
villa
60%
venus
59%
d'Aladdin
58%
l’rap
58%
quelques
58%
sera
58%
temps
58%
puis
56%
d’une
55%
frères
55%
vue
55%
partouze
54%
Si
54%
si
54%
J’rêve
53%
j’suis
53%
racli
53%
balle
52%
l’parcours
52%
cartouches
51%
J’me
49%
j’me
49%
merde
49%
guerre
48%
j’prends
47%
payée
46%
J’vide
45%
va
45%
Fini
44%
lâches
44%
rendez-vous
44%
zone
43%
déclarés
42%
s’donne
42%
s’est
42%
d'zoner
41%
veut
40%
Elle
39%
kilogrammes
39%
l’autoroute
39%
l’bât’
39%
l’pilotage
37%
souvent
37%
Complet 2 : V’là
37%
aux
36%
mains
36%
parler
36%
depuis
35%
long
35%
menottées
35%
time
35%
miens
34%
m’tenir
34%
bloqué
33%
j’reste
33%
J’sais
33%
tess
33%
dames
32%
contrôle
31%
l’allumer
31%
fumée
30%
j’m’évade
30%
studio
30%
vas-y
28%
source
27%
veulent
27%
Extermine-les
26%
mettre
26%
fais
23%
rosé
23%
t’en
23%
comme
21%
courser
20%
PDs
20%
Poto
20%
keufs
19%
marre
19%
pète
19%
toi
19%
verre
19%
as
18%
J’m’en
18%
l’fossé
18%
sixième
18%
cité
17%
couilles
17%
crosser
17%
J’passe
17%
grosses
16%
j’consomme
16%
sommes
16%
tape
16%
ton
16%
J’viendrai
15%
bosser
14%
conseils
14%
péter
14%
qu'ça
14%
s’retrouvent
14%
devant
13%
t’arroser
13%
j’vois
12%
qu’tu
12%
s’la
12%
d’tes
11%
font
11%
J’resterai
11%
l’daron
11%
m’conseilles
11%
m’consoles
11%
m’parles
11%
qu’enquêter
10%
s’endetter
10%
réveille
9%
barre
8%
l’terrain
2%
Publicité
0%
Aucun quiz correspondant
Distribution des résultats
% des personnes avec chaque résultat
Percentile par nombre de réponses
Votre historique - résultats
Vous n’avez pas pris ce quiz